Statistics for Complete Discography #18 - Carly Rae Jepsen

Click here to take the quiz!

General Stats

  • This quiz has been taken 20 times
  • The average score is 69 of 134

Answer Stats

AlbumSong% Correct
KissCall Me Maybe
100%
EmotionEmotion
100%
EmotionRun Away With Me
94%
KissThis Kiss
94%
EmotionI Really Like You
88%
EmotionLA Hallucinations
81%
Emotion: Side BStore
81%
Emotion: Side BCry
75%
KissCuriosity
75%
Emotion: Side BCut To The Feeling
75%
EmotionFavorite Color
75%
EmotionGimmie Love
75%
Emotion: Side BHigher
75%
EmotionI Didn't Just Come Here To Dance
75%
The Loneliest TimeJoshua Tree
75%
The Loveliest TimeKamikaze
75%
DedicatedParty For One
75%
The Loveliest TimePsychedelic Switch
75%
Emotion: Side BRoses
75%
KissTonight I'm Getting Over You
75%
DedicatedWant You In My Room
75%
EmotionYour Type
75%
EmotionAll That
69%
The Loneliest TimeBeach House
69%
EmotionBlack Heart
69%
KissGood Time
69%
DedicatedJulien
69%
The Loneliest TimeSideways
69%
The Loneliest TimeSurrender My Heart
69%
The Loneliest TimeTalking To Yourself
69%
The Loneliest TimeThe Loneliest Time
69%
The Loveliest TimeWeekend Love
69%
EmotionWhen I Needed You
69%
The Loveliest TimeAeroplanes
63%
The Loneliest TimeAnxious
63%
The Loveliest TimeAnything To Be With You
63%
KissBeautiful
63%
EmotionBoy Problems
63%
The Loveliest TimeCome Over
63%
Dedicated Side BFake Mona Lisa
63%
Emotion: Side BFever
63%
Emotion: Side BFirst Time
63%
DedicatedFor Sure
63%
KissGuitar String/Wedding Ring
63%
EmotionLet's Get Lost
63%
EmotionLove Again
63%
KissMore Than A Memory
63%
DedicatedNo Drug Like Me
63%
Dedicated Side BNow I Don't Hate California After All
63%
DedicatedNow That I Found You
63%
DedicatedReal Love
63%
Dedicated Side BStay Away
63%
KissTiny Little Bows
63%
DedicatedToo Much
63%
Tug Of WarTug Of War
63%
EmotionWarm Blood
63%
Dedicated Side BWindow
63%
The Loneliest TimeBends
56%
DedicatedFeels Right
56%
Dedicated Side BFelt This Way
56%
The Loveliest TimeKollage
56%
EmotionMaking The Most Of The Night
56%
Terrible Thrills, Vol. 2 (Bleachers) [feature] | The Loveliest TimeShadow
56%
The Loveliest TimeShy Boy
56%
The Loveliest TimeSo Right
56%
The Loveliest TimeStadium Love
56%
Dedicated Side BSummer Love
56%
KissSweetie
56%
Emotion: Side BThe One
56%
The Loneliest TimeWestern Wind
56%
KissWrong Feels So Right
56%
Pop 2 (Charli XCX) [feature]Backseat
50%
Emotion: Side BBody Language
50%
Tug Of WarBucket
50%
Dedicated Side BComeback
50%
KissDrive
50%
DedicatedEverything He Needs
50%
Single [Fuller House Soundtrack]Everywhere You Look
50%
The Loneliest TimeGo Find Yourself Or Whatever
50%
KissHurt So Good
50%
KissI Know You Have A Girlfriend
50%
The Loneliest TimeKeep Away
50%
EmotionNever Get To Hold You
50%
The Loneliest TimeShooting Star
50%
Dedicated Side BSolo
50%
The Loneliest TimeSo Nice
50%
Dedicated Side BThis Love Isn't Crazy
50%
KissTurn Me Up
50%
The Loneliest TimeBad Things Twice
44%
The Loneliest TimeFar Away
44%
Tug Of WarHotel Shampoos
44%
DedicatedI'll Be Your Girl
44%
Dedicated Side BLet's Sort The Whole Thing Out
44%
The Loneliest TimeNo Thinking Over The Weekend
44%
KissPicture
44%
DedicatedRight Words Wrong Time
44%
KissYour Heart Is A Muscle
44%
The Loveliest TimeAfter Last Night
38%
CuriosityBoth Sides Now
38%
DedicatedHappy Not Knowing
38%
Tug Of WarHeavy Lifting
38%
The Loveliest TimePut It To Rest
38%
Tug Of WarSour Candy
38%
Tug Of WarSweet Talker
38%
DedicatedAutomatically In Love
31%
Dear YouDear You
31%
Dedicated Side BLet's Be Friends
31%
Tug Of WarMoney And The Ego
31%
Single (Lewis Of Man)Move Me
31%
Tug Of WarSunshine On My Shoulders
31%
Tug Of WarTell Me
31%
Tug Of WarWorldly Matter
31%
KissAlmost Said It
25%
Dedicated Side BHeartbeat
25%
KissMelt With You
25%
SingleTake A Picture
25%
CuriosityTalk To Me
25%
DedicatedThe Sound
25%
Dedicated Side BThis Is What They Say
25%
55 (The Knocks) [feature]Love Me Like That
13%
The Second NoelMittens
13%
Dedicated Side BAlways On My Mind
6%
Freetown Sound (Blood Orange) [feature]Better Than Me
6%
Holes (The Midway Estate)Change For You
6%
Gone Now (Bleachers) [feature]Hate That You Know Me
6%
Dear YouIn My Bedroom
6%
Tug Of WarI Still Wonder
6%
SingleIt Takes Two
6%
CuriosityJust A Step Away
6%
Unite (A Friend In London) [feature]Rest From The Streets
6%
PC Music, Vol. 2 (Danny L Harle) [feature]Super Natural
6%
Dear YouTo Be Without You
6%
Single (Andrew Allen) [feature]Where Did We Go?
6%

Score Distribution

Percentile by Number Answered

Percent of People with Each Score

Your Score History

You have not taken this quiz